| 000 | 01408cam a2200337 a 4500 | ||
|---|---|---|---|
| 999 |
_c332066 _d332066 |
||
| 001 | 15455904 | ||
| 003 | NUST | ||
| 005 | 20171109093836.0 | ||
| 008 | 080918s2009 flua b 001 0 eng | ||
| 010 | _a 2008040755 | ||
| 015 |
_aGBA8D7273 _2bnb |
||
| 016 | 7 |
_a014845677 _2Uk |
|
| 020 | _a9781439800522 (alk. paper) | ||
| 020 | _a1439800529 (alk. paper) | ||
| 035 | _a(OCoLC)ocn244418887 | ||
| 040 |
_aDLC _cDLC _dBTCTA _dBAKER _dYDXCP _dUKM _dC#P _dBWX _dCDX _dDLC |
||
| 050 | 0 | 0 |
_aTD491 _b.C363 2009 |
| 082 | 0 | 0 |
_a628.15 CAN _222 |
| 100 | 1 |
_aCantor, Abigail F. _96206 |
|
| 245 | 1 | 0 |
_aWater distribution system monitoring : _ba practical approach for evaluating drinking water quality / _cAbigail F. Cantor. |
| 260 |
_aBoca Raton : _bCRC Press, _cc2009. |
||
| 300 |
_axxv, 203 p. : _bill. ; _c25 cm. |
||
| 500 | _aH.B | ||
| 504 | _aIncludes bibliographical references (p. 193-195) and index. | ||
| 650 | 0 |
_aWater-pipes _xMonitoring. _96207 |
|
| 650 | 0 |
_aWater quality _xMeasurement. _96132 |
|
| 650 | 0 |
_aWater _xDistribution _xQuality control. _96208 |
|
| 650 | 0 |
_aDrinking water _xLead content. _96209 |
|
| 650 | 0 |
_aDrinking water _xCopper content. _96210 |
|
| 856 | 4 | 1 |
_3Table of contents only _uhttp://www.loc.gov/catdir/toc/ecip0828/2008040755.html |
| 906 |
_a7 _bcbc _corignew _d1 _eecip _f20 _gy-gencatlg |
||
| 942 |
_2ddc _cBK _kIESE |
||